[Event "Africa-ch U1700/2300 (Women)"]
[Site "Windhoek"]
[Date "2019.01.03"]
[Round "6.4"]
[White "Shipindo, Rauha"]
[Black "Motlhware, Tshepang"]
[Result "1-0"]
[WhiteElo "1544"]
[BlackElo "1246"]
[PlyCount "73"]
[EventDate "2018.12.31"]
[EventType "swiss"]
[EventRounds "9"]
[EventCountry "NAM"]
[SourceTitle "EXT 2024"]
[Source "ChessBase"]
[SourceDate "2023.10.10"]
[SourceVersion "1"]
[SourceVersionDate "2023.10.10"]
[SourceQuality "1"]

1. e4 e5 2. Nf3 Nc6 3. Bc4 Nf6 4. Nc3 Nxe4 5. Bxf7+ Kxf7 6. Nxe4 d5 7. Ng3 e4 8. Ng1 Bc5 9. d3 exd3 10. Qxd3 Re8+ 11. N1e2 Bg4 12. 0-0 Nb4 13. Qc3 Bxe2 14. Nxe2 Rxe2 15. Qf3+ Qf6 16. Qxe2 Kg8 17. a3 Nc6 18. Qb5 Bb6 19. Qxd5+ Kh8 20. Qh5 Qf8 21. Be3 Na5 22. Bxb6 axb6 23. Rad1 Re8 24. Rfe1 Rc8 25. Rd7 Nc6 26. h3 h6 27. b4 Kh7 28. b5 Nb8 29. Rde7 Qf6 30. Re8 Rxe8 31. Qxe8 Qc3 32. Rf1 Na6 33. Qe4+ Kg8 34. bxa6 bxa6 35. Qa8+ Kh7 36. Qxa6 Qc6 37. Rb1 1-0

[Event "Africa-ch U1700/2300 (Women)"]
[Site "Windhoek"]
[Date "2019.01.02"]
[Round "3.5"]
[White "Motlhware, Tshepang"]
[Black "Tjaronda, Nicola"]
[Result "0-1"]
[WhiteElo "1246"]
[BlackElo "1500"]
[PlyCount "122"]
[EventDate "2018.12.31"]
[EventType "swiss"]
[EventRounds "9"]
[EventCountry "NAM"]
[SourceTitle "EXT 2024"]
[Source "ChessBase"]
[SourceDate "2023.10.10"]
[SourceVersion "1"]
[SourceVersionDate "2023.10.10"]
[SourceQuality "1"]

1. e4 d6 2. d4 g6 3. Nf3 Bg7 4. Nc3 Nf6 5. h3 0-0 6. Bc4 e6 7. 0-0 h6 8. Be3 Nc6 9. a3 d5 10. Bd3 dxe4 11. Nxe4 Nxe4 12. Bxe4 Ne7 13. Qd2 Kh7 14. Rad1 Nd5 15. c3 Nxe3 16. Qxe3 Qe8 17. Rfe1 c6 18. Ne5 Bxe5 19. dxe5 b6 20. Qf3 Bb7 21. Rd6 Rc8 22. b4 Ba8 23. Qg4 Rd8 24. Bxc6 Bxc6 25. Rxd8 Qxd8 26. Rd1 Qe7 27. Rd6 Ba4 28. Qd4 Rc8 29. Qd3 Qc7 30. Qf3 Kg8 31. Qf6 Bd7 32. Rd3 Qd8 33. Qxd8+ Rxd8 34. f4 Kf8 35. Rd6 Ke7 36. Kf2 Bb5 37. Rxd8 Kxd8 38. h4 Kc7 39. Ke3 Kc6 40. Kd4 Ba4 41. c4 a6 42. g3 h5 43. Ke4 b5 44. c5 Bc2+ 45. Kd4 Bb1 46. Kc3 Kd5 47. Kb3 Be4 48. a4 Kd4 49. axb5 axb5 50. Kb2 Ke3 51. Kc3 Kf3 52. Kd4 Ba8 53. c6 Bxc6 54. Kc5 Bd5 55. Kxb5 Kxg3 56. Kc5 Kxf4 57. Kd6 g5 58. hxg5 Kxg5 59. Ke7 h4 60. Kxf7 h3 61. b5 Kf4 0-1